Harry Potter actors Quiz Stats

Quiz not verified by Sporcle

Challenge
Share
Tweet
Embed
Score 0/13 Timer 06:00
0 Plays Today
Character % Correct
Harry Potterdaniel radcliffe
98.7%
Hemione Grangeremma watson
98%
Ron Weasleyrupert grint
94%
Severus Snapealan rickman
88%
Minerva McGonagallmaggie smith
85.3%
Draco Malfoytom felton
81.3%
Hagridrobbie coltrane
74.7%
Ginny Weasleybonnie wright
73.3%
Albus Dumbedorerichard harris
70.7%
Neville Longbottommatthew lewis
64%
Molly Weasleyjulie walters
62.7%
Professor Quirrellian hart
40%
Dudley Dursleyharry melling
38.7%

You're not logged in!

Compare scores with friends on all Sporcle quizzes.
Sign Up with Email
OR
Log In

You Might Also Like...

Show Comments

Extras

Top Quizzes Today


Score Distribution

Your Account Isn't Verified!

In order to create a playlist on Sporcle, you need to verify the email address you used during registration. Go to your Sporcle Settings to finish the process.

Report this User

Report this user for behavior that violates our Community Guidelines.

Details: